Использование для дефектоскопии прутков и труб комбинированного вихретокового преобразователя с разночастотными пространственными компонентами магнитного поля; Инновации в неразрушающем контроле SibTest

Podrobná bibliografie
Parent link:Инновации в неразрушающем контроле SibTest.— 2011.— С. 154-157
Hlavní autor: Гольдштейн А. Е. Александр Ефремович
Další autoři: Булгаков В. Ф., Крёнинг Х. М. В. А. Ханс Михаэль Вильхельм (Вильгельм) Адольф
Jazyk:ruština
Vydáno: 2011
Témata:
Médium: MixedMaterials Kapitola
KOHA link:https://koha.lib.tpu.ru/cgi-bin/koha/opac-detail.pl?biblionumber=252077

MARC

LEADER 00000naa2a2200000 4500
001 252077
005 20240129131634.0
035 |a (RuTPU)RU\TPU\book\274394 
035 |a RU\TPU\book\274384 
090 |a 252077 
100 |a 20140227d2011 k y0rusy50 ca 
101 0 |a rus 
102 |a RU 
200 1 |a Использование для дефектоскопии прутков и труб комбинированного вихретокового преобразователя с разночастотными пространственными компонентами магнитного поля  |f А. Е. Гольдштейн, В. Ф. Булгаков, Х.-М. В. А. Кренинг 
320 |a Библиогр.: с. 157 (5 назв.) 
463 0 |0 (RuTPU)RU\TPU\book\250414  |t Инновации в неразрушающем контроле SibTest  |o сборник научных трудов I Всероссийской научно-практической конференции по инновациям в неразрушающем контроле с международным участием, Ая, Горный Алтай, 25-29 июля 2011 г.  |f Национальный исследовательский Томский политехнический университет (ТПУ) ; под ред. В. А. Клименова  |v С. 154-157  |d 2011  |p 309 с. 
610 1 |a труды учёных ТПУ 
700 1 |a Гольдштейн  |b А. Е.  |c специалист в области неразрушающего контроля  |c профессор Томского политехнического университета, доктор технических наук  |f 1954-  |g Александр Ефремович  |3 (RuTPU)RU\TPU\pers\26406  |9 12110 
701 1 |a Булгаков  |b В. Ф. 
701 1 |a Крёнинг  |b Х. М. В. А.  |c немецкий специалист в области неразрушающего контроля  |c ведущий научный сотрудник Томского политехнического университета  |f 1944-  |g Ханс Михаэль Вильхельм (Вильгельм) Адольф  |3 (RuTPU)RU\TPU\pers\36262 
801 1 |a RU  |b 63413507  |c 20140226 
801 2 |a RU  |b 63413507  |c 20191022  |g RCR 
942 |c BK